000 00519nam a2200193Ia 4500
005 20250923144427.0
008 008 250917s9999 xx 000 0 eng d
037 _aReference
040 _aDSWL
_beng
_cDSWL
041 _aeng
_2eng
084 _a22, N51
_qDSWL
100 _aRanganathan, S.R Sivaraman
_9824786
245 0 _aLibrary manual
_cby S.R Ranganathan
260 _c1951
300 _a215 p.
700 _a Sivaraman
_9824787
942 _cREF
_h22, N51
999 _c1438728
_d1438728